LEADER 00766nam0-2200301---450- 001 990008173280403321 005 20050728120659.0 035 $a000817328 035 $aFED01000817328 035 $a(Aleph)000817328FED01 035 $a000817328 100 $a20050728d1982----km-y0itaa50------ba 101 0 $aita 102 $aIT 105 $a--------001gy 200 1 $aMedicamenta$fPatrizia Valduga 210 $aMilano$cGuanda$dc1982 215 $a67 p.$d20 cm 225 1 $aQuaderni della Fenice$v86 676 $a851.9 700 1$aValduga,$bPatrizia$0450348 801 0$aIT$bUNINA$c20050728$gRICA$2UNIMARC 901 $aBK 912 $a990008173280403321 952 $aF.Russo 1041$fBAT 959 $aBAT 996 $aMedicamenta$9736057 997 $aUNINA LEADER 01258nam--2200361---450- 001 990003362340203316 005 20100119102204.0 010 $a978-88-387-5328-8 035 $a000336234 035 $aUSA01000336234 035 $a(ALEPH)000336234USA01 035 $a000336234 100 $a20100119d2009----km-y0itay50------ba 101 $aita 102 $aIT 105 $a||||||||001yy 200 1 $a<> servizi demografici e il pacchetto sicurezza 2009$eguida alle novità in materia di anagrafe, cittadinanza e stato civile introdotte dalla L.15 luglio 2009, n. 94$fSereno Scolaro 210 $aSantarcangelo$cMaggioli$d2009 215 $a176 p.$d24 cm 225 2 $aProgetto ente locale$iServizi demografici$v208 410 0$12001$aProgetto ente locale$iServizi demografici$v208 606 0 $aServizi demografici$xLegislazione$2BNCF 676 $a342.4508 700 1$aSCOLARO,$bSereno$0280483 801 0$aIT$bsalbc$gISBD 912 $a990003362340203316 951 $aXXIV.3.K. 107$b65293 G.$cXXIV.3.K.$d00255062 959 $aBK 969 $aGIU 979 $aCHIARA$b90$c20100119$lUSA01$h1020 979 $aCHIARA$b90$c20100119$lUSA01$h1022 996 $aServizi demografici e il pacchetto sicurezza 2009$91123738 997 $aUNISA